Đánh giá diễn biến chất lượng nước xả ao nuôi cá tra (Pangasianodon hypophthalmus) bằng mô hình đất ngập nước kiến tạo chảy ngầm phương nằm ngang kết hợp trồng cỏ Vetiver (vetiveria zizanioides L) : Luận văn tốt nghiệp Cao học. Chuyên ngành Quản lý tài nguyên và Môi trường

Khảo sát diễn biến chất lượng nước xả ao nuôi cá tra khi xử lý qua mô hình đất ngập nước kiến tạo chảy ngầm phương nằm ngang trồng cỏ Vetiver, đánh giá khả năng làm giảm chất ô nhiễm trong nước xả ao nuôi cá tra của mô hình....

Cur síos iomlán

Đã lưu trong:
Sonraí Bibleagrafaíochta
Príomhúdar: Trần, Thảo Vy
Formáid: Leabhar
Teanga:Undetermined
Foilsithe: Cần Thơ Trường Đại học Cần Thơ 2017
Ábhair:
Clibeanna: Cuir Clib Leis
Gan Chlibeanna, Bí ar an gcéad duine leis an taifead seo a chlibeáil!
Thư viện lưu trữ: Trung tâm Học liệu Trường Đại học Cần Thơ
LEADER 01355nam a2200205Ia 4500
001 CTU_224963
008 210402s9999 xx 000 0 und d
082 |a 628.11 
082 |b V600 
100 |a Trần, Thảo Vy 
245 0 |a Đánh giá diễn biến chất lượng nước xả ao nuôi cá tra (Pangasianodon hypophthalmus) bằng mô hình đất ngập nước kiến tạo chảy ngầm phương nằm ngang kết hợp trồng cỏ Vetiver (vetiveria zizanioides L) : 
245 0 |b Luận văn tốt nghiệp Cao học. Chuyên ngành Quản lý tài nguyên và Môi trường 
245 0 |c Trần Thảo Vy ; Trương Hoàng Đan (Cán bộ hướng dẫn) 
260 |a Cần Thơ 
260 |b Trường Đại học Cần Thơ 
260 |c 2017 
520 |a Khảo sát diễn biến chất lượng nước xả ao nuôi cá tra khi xử lý qua mô hình đất ngập nước kiến tạo chảy ngầm phương nằm ngang trồng cỏ Vetiver, đánh giá khả năng làm giảm chất ô nhiễm trong nước xả ao nuôi cá tra của mô hình. 
650 |a Water quality,Chất lượng nước 
910 |b nthai 
980 |a Trung tâm Học liệu Trường Đại học Cần Thơ